000 00640nam a2200193 i 4500
001 8707
003 ES-MaACL
005 20230906145520.0
007 t|
008 920825s1989 sp ||||1| spa d
080 _a86-14"19"
080 _a86(Cordero Alvarado,P.7 S.01)
100 1 _aCordero Alvarado, Pedro.
_940517
245 1 0 _aSonetos y un memento para el desván del alma /
_cPedro Cordero Alvarado.
260 _aLeganés [Madrid] :
_bAyuntamiento, Delegación de Cultura,
_c1989.
300 _a67 p. :
_bil. ;
_c20 cm.
710 1 _aLeganés. Ayuntamiento.
_bDelegación de Cultura.
_95492
852 _aES-MaACL
_jL-16190
_bR.117546
999 _c8707
_d8707